Score 0/31 Timer 03:00
3 Plays Today
Clue Word % Correct
Wizard's stickWand
85.1%
DifficultHard
84.6%
Glove fillerHand
82.7%
The Joker's LedgerHeath
80.7%
WarmsHeats
80.4%
FireplaceHearth
80.2%
Perceives aurallyHears
74.1%
Perceived aurallyHeard
72.4%
Rearrange 'Hater' to get dirtEarth
71%
Prison bossWarden
70.8%
Tend flowersGarden
69%
They can be right or acuteAngles
65.5%
AlertedWarned
63.7%
PerilDanger
62.9%
IreAnger
61.3%
FishermanAngler
59%
Clue Word % Correct
President JimmyCarter
58.9%
ShrankWaned
56.1%
Provide dinner for a groupCater
54.9%
DisfiguresMangles
53.6%
Mammalian skin diseasesManges
44.2%
Marathon or steeplechaseRace
44.1%
Stallions' mateMare
42.9%
Master fighter pilotAce
42.7%
Medieval weaponMace
40.8%
Open box for livestock feedManger
36.9%
NY hockey playerRanger
34.9%
Stocking fastenerGarter
33%
Minute remnantTrace
29.4%
DisfiguresMars
23.3%
AmassGarner
22%

Today's Daily Dose

Remove Ads.
Support Sporcle.
Get the best of Sporcle when you Go Orange. This ad-free experience offers more features, more stats, and more fun while also helping to support Sporcle. Thank you for becoming a member.

You're not logged in!

Compare scores with friends on all Sporcle quizzes.
OR
Log In

Show Comments

Extras

Top Quizzes Today


Score Distribution

Your Account Isn't Verified!

In order to create a playlist on Sporcle, you need to verify the email address you used during registration. Go to your Sporcle Settings to finish the process.

Report this User

Report this user for behavior that violates our Community Guidelines.

Details: